| 000 | 02510nam0a2200397 i 4500 | ||
|---|---|---|---|
| 001 | RU\NLR\BIBL_A\011091069 | ||
| 005 | 20241114210537.0 | ||
| 010 |
_a9785802124345 _9300 |
||
| 021 |
_aRU _b2016-18890 _91217 |
||
| 035 | _a(NILC)RuMoRGB-008240032 | ||
| 035 | _a(NLR Aleph) 011091069 | ||
| 090 |
_a11367721 _c11367721 |
||
| 100 | _a20160330d2015 k y0rusy50 ca | ||
| 101 | 0 | _arus | |
| 102 | _aRU | ||
| 105 | _aab||z|||110yy | ||
| 200 | 1 |
_aКарельский фронт и Европейский Север в годы Великой Отечественной войны _eсборник статей Международной научно-практической конференции _f[науч. ред.: Г.В. Чумаков и др.] |
|
| 210 |
_aПетрозаводск _cИзд-во ПетрГУ _d2015 |
||
| 215 |
_a299 с. _cил., карт. _d20 |
||
| 300 | _aВ надзаг.: Ин-т истории, полит. и соц. наук ПетрГУ, Карел. регион. отд. Рос. воен.-ист. о-ва, Совет ветеранов (пенсионеров) войны, труда, Вооруж. сил и правоохран. орг. Респ. Карелия | ||
| 300 | _a70-летию Победы сов. народа в Великой Отечеств. войне 1941-1945 годов посвящ. | ||
| 320 | _aБиблиогр. в конце ст. | ||
| 601 | 0 | 2 |
_aКарельский фронт _c1941 - 1945 _jСъезды, совещания и т.п _92407043 _3RU\NLR\AUTH\661434434 |
| 606 | 1 |
_aВеликая Отечественная война _jСъезды, совещания и т.п _yКарело-Финская ССР _z1941 - 1945 _92126138 _3RU\NLR\AUTH\661587071 |
|
| 686 | 1 | _aЦ35(2)722(2Р-6Кар)я431 | |
| 686 | 1 | _aТ3(2)722.11я431 | |
| 686 | 1 | _aТ3(2)722.9-9(2Р-6Кар)я431 | |
| 686 | 1 | _aЦ35(2)722.1я431 | |
| 702 | 1 |
_aЧумаков _bГ. В. _gГерман Владимирович _4340 |
|
| 711 | 1 | 2 |
_a"Карельский фронт и Европейский Север в годы Великой Отечественной войны", международная научно-практическая конференция _eПетрозаводск _f2015 _9511891 _3RU\NLR\AUTH\880423579 |
| 801 | 0 |
_aRU _bРГБ _c20160310 _gRCR |
|
| 801 | 1 |
_aRU _bРГБ _c20160310 _2rusmarc |
|
| 942 | _cBOOK | ||
| 980 | _aNBR | ||